Miércoles en la noche, en el fin del mundo /

Сохранить в:
Библиографические подробности
Главный автор: Rioux, Hélène (autor)
Формат:
Язык:испанский
Опубликовано: México : UNAM, 2014, c2014
Серии:(Ultramar)
Предметы:
Метки: Добавить метку
Нет меток, Требуется 1-ая метка записи!

MARC

LEADER 00000nam^a2200000^a^4500
001 000349223
005 20250521000000.0
009 20260310114904.47
020 |a 978-607-02-5615-8 
020 |a 978-607-02-5614-1 
037 |a Acervo ITESO - Biblioteca 
041 |a ESP 
082 |a 819. 13  |b RIO 
100 |a Rioux, Hélène  |e (autor) 
245 1 0 |a Miércoles en la noche, en el fin del mundo /  |c H. Rioux ; tr. por Roberto Rueda Monreal. 
264 4 |a México :  |b UNAM,  |c 2014, c2014 
300 |a 212 p. 
336 |a texto  |b txt  |2 rdacontenido 
337 |a sin mediación  |b n  |2 rdamedio 
338 |a volumen  |b nc  |2 rdasoporte 
440 1 |a (Ultramar) 
500 |a Traducción de: Mercredi soir au bout du monde 
521 |a FIL 2014 Centro de Formación Humana 
545 0 |a Hélène Rioux (Montreal, 1949), escritora quebequense. Egresada de la Universidad de Montreal, inicia su trayectoria literaria a inicios de la década de 1970. Su escritura, arriesgada y propositiva, interrelaciona personajes y situaciones en varios puntos del planeta, en momentos de concentrada iluminación. Algunos de sus títulos más sobresalientes son L'Homme de Hong Kong [El hombre de Hong Kong] (1986), Les miroirs d'Eleonore [Los espejos de Eleonore] (1990), Chambre avec baignoire [Habitación con baño] (1992, Premio Literario del Journal de Montréal), Pense à mon rendez-vous [Piensa en mi cita] (1994), Traductora de sentimientos (1996), Le cimetière des éléphants [El cementerio de elefantes] (1998), Dialogues intimes [Diálogos íntimos] (2002) y Miércoles en la noche, en el fin del mundo (2007, Premio France-Québec 2007 y Premio Ringuet de la Academia de Letras de Quebec 2008). Colaboradora de publicaciones como XYZ: La Revue de la Nouvelle, Moebius y Journal d'Outremont, ha traducido también obras de diversos autores, entre ellos el mexicano Gustavo Sáinz. 
649 |a XX 
650 |a Novela Quebequense 
650 |a Novela Canadiense 
650 |a Literatura de Mujeres -  |z Quebec, Canadá 
650 |a Literatura de Mujeres -  |z Canadá 
650 |a Literatura en Francés -  |z Canadá 
650 |a Literatura Quebequense -  |y Siglo XXI 
650 |a Literatura Canadiense -  |y Siglo XXI 
910 |a Fondo General 
920 |a Impresos - Libros 
930 |a Colección General 
940 |a Literatura 
905 |a 101 
901 |a 0500239535  |b IT1  |c LIT  |i C143934  |u 20250521 
902 |a https://opac.biblio.iteso.mx/vufind/Record/000349223